00448nam a22001577a 450000500170000000800410001702000180005804100120007608200150008810000120010324500560011525000190017126000430019030000320023365000250026520241002081813.0241002b |||||||| |||| 00| 0 eng d a9780639013039 aEnglish a347.7 HUS  lEnglish aTrail Advocacy: The Art of Persuasion /cI Hussain  aFirst Edition  aDurban: bLexisNexis (Pty) Ltd, c2022 bxviii, 333 pages; c25 cm.  aLegal practice bLaw